The Constance Spry book of flower arranging (Record no. 117)

MARC details
000 -LEADER
fixed length control field 00416nam a22001457a 4500
020 ## - INTERNATIONAL STANDARD BOOK NUMBER
ISBN 9780706423099
050 ## - CALL NUMBER
Classification number SB449
Item number .P61 PIE
100 ## - AUTHOR
Personal name Piercy, Harold
245 ## - TITLE
Title The Constance Spry book of flower arranging
Statement of responsibility, etc Harold Piercy.
260 ## - PUBLICATION INFORMATION
Place of publication New York :
Name of publisher Exeter Books
Year of publication 1984
300 ## - DESCRIPTION
Number of Pages 192 pages :
Other physical details color illustrations ;
Dimensions 29 cm
500 ## - NOTES
General note INCLUDES INDEX
650 ## - SUBJECTS
Topical Term Flower arrangement.
942 ## - ADDED ENTRY ELEMENTS (KOHA)
Koha item type Books
Holdings
Withdrawn status Lost status Home library Current library Date acquired Full call number Accession Number Koha item type
    Methodist University Library Wenchi Faculty Methodist University Library Wenchi Faculty 12/10/2017 SB449 .P61 PIE 1824 Books
Copyright © 2026  MUG Library